000 00624nam a2200181Ia 4500
008 090124s9999 xx 000 0 und d
082 _b27997
100 _aजोशी द.दा.
245 _a विज्ञानयोगी डॉ. बाबा आमटे
250 _a1
260 _bसुरेश एजन्सी
_c1989
300 _a126
600 _aजोशी द.दा.
630 _a विज्ञानयोगी डॉ. बाबा आमटे
700 _aजोशी द.दा.
730 _a विज्ञानयोगी डॉ. बाबा आमटे
942 _cBOOK
999 _c94492
_d94492